UM Logo

Play to win/ (Record no. 6523)

MARC details
000 -LEADER
fixed length control field 00742nam a2200193 4500
008 - FIXED-LENGTH DATA ELEMENTS--GENERAL INFORMATION
fixed length control field 170331b xxu||||| |||| 00| 0 eng d
022 ## - INTERNATIONAL STANDARD SERIAL NUMBER
International Standard Serial Number 01153544
082 ## - DEWEY DECIMAL CLASSIFICATION NUMBER
Classification number DPer 338.05 En86 Apr-Jul 2015 v. 15, n. 158-161
245 ## - TITLE STATEMENT
Title Play to win/
Statement of responsibility, etc. Toni Antiporda, Maricris Carlos, Johanna Poblete and Victoria Vizcarra.
260 ## - PUBLICATION, DISTRIBUTION, ETC. (IMPRINT)
Place of publication, distribution, etc. Philippines:
Name of publisher, distributor, etc. Summit Media,
Date of publication, distribution, etc. Apr-Jul 2015.
300 ## - PHYSICAL DESCRIPTION
Extent v15 n161, pages 61-69:
Other physical details illustrations,
Dimensions 28 cm.
500 ## - GENERAL NOTE
General note Entrepreneur.
650 #0 - SUBJECT ADDED ENTRY--TOPICAL TERM
9 (RLIN) 19717
Topical term or geographic name as entry element Franchises (retail trade)
General subdivision Business
700 ## - ADDED ENTRY--PERSONAL NAME
9 (RLIN) 19718
Personal name Antiporda, Toni
Relator term Author
700 ## - ADDED ENTRY--PERSONAL NAME
9 (RLIN) 19719
Personal name Carlos, Maricris.
Relator term Author
700 ## - ADDED ENTRY--PERSONAL NAME
9 (RLIN) 19720
Personal name Poblete, Johanna
Relator term Author
700 ## - ADDED ENTRY--PERSONAL NAME
9 (RLIN) 19721
Personal name Vizcarra, Victoria
Relator term Author
942 ## - ADDED ENTRY ELEMENTS (KOHA)
Source of classification or shelving scheme Dewey Decimal Classification
Koha item type Periodicals
Holdings
Withdrawn status Lost status Source of classification or shelving scheme Damaged status Not for loan Collection code Home library Current library Date acquired Total Checkouts Full call number Date last seen Price effective from Koha item type Public note
    Dewey Decimal Classification     Periodicals UM Digos College - LIC UM Digos College - LIC 03/31/2017   DPer 338.05 En86 Apr-Jul 2015 v. 15, n. 158-161 03/31/2017 03/31/2017 Periodicals Periodical article